All Olivia Rodrigo songs (updated May 2026) - Statistics

General Stats
  • This quiz has been taken 100 times
    27 since last reset
  • The average score is 31 of 46
Answer Stats
Hint Answer % Correct
drop dead
100%
the cure
100%
All I Want
96%
vampire
96%
GUTS all-american bitch
92%
drivers license
92%
good 4 u
92%
scared of my guitar
92%
traitor
92%
bad idea right?
88%
SOUR brutal
88%
deja vu
88%
enough for you
88%
hope ur ok
88%
lacy
88%
1 step forward, 3 steps back
85%
happier
85%
jealousy, jealousy
85%
making the bed
85%
GUTS (spilled) obsessed
85%
get him back!
81%
logical
81%
pretty isn't pretty
81%
so american
81%
teenage dream
81%
the grudge
81%
ballad of a homeschooled girl
77%
favorite crime
77%
girl i've always been
77%
Singles Can't Catch Me Now
73%
love is embarrassing
69%
stranger
69%
Friday I'm In Love (with Robert Smith)
46%
The Rose Song
46%
Wondering
46%
High School Musical: The Musical: The Series (not including all-cast songs) I Think I Kinda, You Know
35%
Just for a Moment
35%
Start of Something New
31%
Breaking Free
23%
Just Like Heaven (with Robert Smith)
23%
Granted
19%
Out of the Old
19%
What I've Been Looking For
15%
YAC Alma Mater
15%
Bop to the Top
12%
The Best Part
12%
No matching quizzes found
Score Distribution
Percent of People with Each Score
Percentile by Number Answered
Your Score History
You have not taken this quiz since the last reset